000 00515nam a2200181Ia 4500
005 20250326124526.0
008 250326s9999 xx 000 0 und d
037 _aTextbook
040 _aFMSL
_beng
_cFMSL
041 _aeng
_2eng
084 _aX:8 K9;3
_qFMSL
100 _aSchein E H
245 0 _aProcess consultation: its role in organization development
_cSchein E H
260 _aLondon
_bLondon, Addison-Wesley
_c1969
300 _a147p
942 _cTB
_hX:8 K9;3
999 _c1274052
_d1274052